000 00803nam a2200217 a 4500
001 000011106
005 20250120084525.0
008 091014s1982 dr r 001 p spa d
040 _aDO-SdBNP
_bspa
_cBNPHU
082 _aRD861.44
_bP912n
100 1 _aPrats-Ramírez de Pérez, Yvelisse
_925177
245 1 0 _aNecesaria existencia /
_cIvelisse Prats de Pérez ; prólogo Máximo Avilés Blonda ; selección y edición Fiume Gómez de Michel.
260 _aSanto Domingo :
_b[s.n.],
_c1982.
300 _a192 p. ;
_c21 cm.
590 _aInventariado, 2018/BT
650 0 _aPoesía dominicana
_966
650 0 _aLiteratura dominicana.
_967
700 1 _aAvilés Blonda, Máximo,
_d1931-1988
_epról.
_97914
700 1 _aGómez Michel, Fiume de,
_eed.
_926610
910 _aValidado. Control de calidad. EMS
999 _c10831
_d10831